Estatutos / Casal Cultural de Mollet del Vallès
Descripción Física:
26 p. ; 15 cm
MARC
| LEADER | 00000nam a2200000Ia 4500 | ||
|---|---|---|---|
| 001 | 22085 | ||
| 008 | 160829s1966 xx 000 0 cat d | ||
| 080 | |a FU-47-73 | ||
| 100 | |a Casal Cultural (Mollet del Vallès) |9 47065 | ||
| 245 | |a Estatutos / Casal Cultural de Mollet del Vallès | ||
| 260 | |a [Mollet del Vallès] : |b Aster, |c 1966 | ||
| 300 | |a 26 p. ; |c 15 cm | ||
| 590 | |a Prové de R-604, exp. 201 | ||
| 650 | |a Casal Cultural (Mollet del Vallès) |x Estatuts |9 47066 | ||
| 901 | |a Arxiu | ||
| 942 | |n 1 | ||
| 952 | |0 0 |1 0 |4 0 |6 FU4773 |7 1 |9 53639 |a Arxiu |b Arxiu |d 2016-12-01 |l 0 |o FU-47-73 |p 22085 |r 2016-12-01 00:00:00 |w 2016-12-01 |y ARXIU | ||
| 999 | |c 57505 |d 57505 | ||